000 00585nam a2200241Ia 4500
003 OSt
005 20220924150149.0
006 a|||||r|||| 00| 0
007 ta
008 220923b |||||||| |||| 00| 0 tel d
020 _c35
024 _a332043
037 _cTextual
040 _aARTS
_cARTS
_btel
041 _2tel
_atel
082 _aO35,1:g, N1
100 _aMaharaju Devaraju
_9221401
245 0 _aKavita bharathi
260 _c1991
650 _aTELUGU POETRY
942 _hO35,1:g, N1
_cTEXL
_2CC
999 _c462401
_d462401